Effect of storage on properties of marketable forms of natural rubber:Influence of humidity and temperature (Record no. 52980)

MARC details
000 -LEADER
fixed length control field 00582nam a2200169Ia 4500
100 ## - MAIN ENTRY--AUTHOR NAME
Personal name Varghese L.
245 #0 - TITLE STATEMENT
Title Effect of storage on properties of marketable forms of natural rubber:Influence of humidity and temperature
260 ## - PUBLICATION, DISTRIBUTION, ETC. (IMPRINT)
Name of publisher International Conference and Exhibition, India Rubber Expo 2003, 10-13 February 2003, Mumbai, India
Year of publication 2003
650 ## - SUBJECT ADDED ENTRY--TOPICAL TERM
Topical Term Humidity
650 ## - SUBJECT ADDED ENTRY--TOPICAL TERM
Topical Term Natural rubber
650 ## - SUBJECT ADDED ENTRY--TOPICAL TERM
Topical Term Storage effect
700 ## - ADDED ENTRY--PERSONAL NAME
Personal name Geethakumariamma M.L.
700 ## - ADDED ENTRY--PERSONAL NAME
Personal name Mathew N.M.
700 ## - ADDED ENTRY--PERSONAL NAME
Personal name Thomas K.T.
942 ## - ADDED ENTRY ELEMENTS (KOHA)
Koha item type Bibliography STAF
Holdings
Withdrawn status Lost status Damaged status Not for loan Home library Current library Date acquired Koha item type
      Bibliography RRII Library RRII Library 09/04/2014 Bibliography STAF